Statistics for Philadelphia 76ers Top 10 Leaders Playoffs

Click here to take the quiz!

General Stats

  • This quiz has been taken 41 times
    (20 since last reset)
  • The average score is 13 of 22

Answer Stats

Answer % Correct
Julius Erving
100%
Allen Iverson
100%
Maurice Cheeks
88%
Moses Malone
88%
Wilt Chamberlain
82%
Dikembe Mutombo
76%
Bobby Jones
76%
Charles Barkley
76%
Caldwell Jones
76%
Dolph Schayes
71%
Joel Embiid
65%
Hal Greer
59%
Andre Iguodala
59%
Eric Snow
53%
Darryl Dawkins
47%
Andrew Toney
41%
Lucious Jackson
41%
Theo Ratliff
29%
Johnny Kerr
29%
Aaron McKie
24%
Paul Seymour
6%
Steve Mix
0%

Score Distribution

Percentile by Number Answered

Percent of People with Each Score

Your Score History

You have not taken this quiz since the last reset